000 01342nam a2200361 i 4500
999 _c65362
_d65362
001 768714001
003 CO-MdFUSB
005 20200313163046.0
008 200206t1995 ck |||| |||| 00| 0 spa d
020 _a9586144887
040 _aCO-MdFUSB
_bspa
_cCO-MdFUSB
_dCO-MdFUSBC
_erda
041 _aspa
082 _223
_a158
_bR741
100 _aRojas de González, Nelly ‎
_eautor
245 1 _aSeparación de las parejas :
_bcómo prevenirla, cómo afrontarla
_c/ Nelly Rojas de González , Isa Fonnegra de Jaramillo , Sarita Pérez de Cabrera.
264 1 _aBogotá, Colombia :
_bPlaneta,
_c[1995]
264 4 _c© 1995
300 _a202 páginas
_c; 21 cm
336 _2rdacontent
_atexto
_btxt
337 _2rdamedia
_asin mediación
_bn
338 _2rdacarrier
_avolumen
_bnc
490 _aRespuestas
504 _aIncluye referencias bibliográficas (página 202)
505 _aLa separación. / Nelly Rojas de González. -- El duelo por la separación. / Isa Fonnegra de Jaramillo. -- Los hijos y la separación de sus padres. / Sarita Pérez de Cabrera.
563 _aRústico
650 0 _9786
_aDivorcio
653 _aParejas
653 _aRelaciones interpersonales.
700 _92800
_aFonnegra de Jaramillo, Isa.
_eautor
700 _92801
_aPérez de Cabrera, Sarita.
_eautor
942 _cBK
945 _aJTF-925